| 000 | 01012nam a22002777a 4500 | ||
|---|---|---|---|
| 999 |
_c19973 _d19973 |
||
| 003 | AR-CdUCM | ||
| 008 | 190401b ||||| |||| 00| 0 spa d | ||
| 040 |
_aMUNICIPALIDAD PROVINCIAL DEL CUSCO _cBIBLIOTECA MUNICIPAL DEL CUSCO |
||
| 082 |
_a909.23 / _bM41 |
||
| 100 |
_aMaspero, G. _927453 |
||
| 245 |
_aNovísima historia universal : _bDesde los tiempos prehistóricos a 1908 / |
||
| 260 |
_aMadrid : _bEspañola - americana, _c1909. |
||
| 300 |
_a558 paginas ; _c26 cm. |
||
| 440 |
_aInstituto de Francia _941791 |
||
| 505 | _aContenido : Los Beni Israel en estado nómada hasta su establecimiento en el país de Canaán -- Llegada de los Semita a Siria -- Caneos -- Los semitas nómadas.. | ||
| 650 |
_aHistoria _9136 |
||
| 650 |
_aUniversal _918236 |
||
| 650 |
_aImperios _927454 |
||
| 650 |
_aReinos _941792 |
||
| 700 |
_aMichelet, J. _926562 |
||
| 700 |
_aRenan, Ernesto _921239 |
||
| 700 |
_aTaine, H. _941793 |
||
| 700 |
_aBlasco Ibañez, Vicente _930560 |
||
| 942 |
_2ddc _cLIBROS |
||
| 945 | _arcc | ||